Normal view
MARC view
- Herskovitz, Marshall,
Entry Personal Name
001 - CONTROL NUMBER
- control field: 35538
003 - CONTROL NUMBER IDENTIFIER
- control field: OSt
005 - DATE AND TIME OF LATEST TRANSACTION
- control field: 20140311150448.0
008 - FIXED-LENGTH DATA ELEMENTS
- fixed length control field: 140311|| aca||aabn | a|a d
040 ## - CATALOGING SOURCE
- Original cataloging agency: OSt
100 1# - HEADING--PERSONAL NAME
- Personal name: Herskovitz, Marshall,
- Dates associated with a name: 1952-
400 1# - SEE FROM TRACING--PERSONAL NAME
- Personal name: Herskovitz, Marshall Schreiber,
- Dates associated with a name: 1952-